000 00862nam a2200241 a 4500
001 BRCA_1707
005 20190320203521.0
008 910912s1992 nyua---##b---#001-0#eng-#
020 _a0295972289
040 _aDLC
_cDLC
_dDLC
050 4 _aTR647.K3
_b.M55 1992
100 1 _aMillstein, Barbara Head
_95332
245 1 0 _aConsuelo Kanaga
_ban American Photographer
_cBarbara Head Millstein, Sarah M. Lowe.
260 _aBrooklyn, New York
_bBrooklyn Museum : University of Washington
_c1992
300 _a223 p.
_bil.
_c27 cm.
500 _aCatálogo de la exposición realizada en The Brooklyn Museum, 1992
500 _aIncluye índice alfabético
504 _aBibliografía: p. 212-215
600 1 4 _aKanaga, Consuelo
_d1894-
_xExposiciones
_95333
650 1 4 _aFotografía artística
_xExposiciones
_95334
700 1 _aLowe, Sarah M
_95335
942 _2lcc
_cB
999 _c1497
_d1497